000 00992cam a2200301 4500
001 D2576
008 090401t1985 xxu||||| |||| 00| 0 eng d
035 _a(Sirsi) u69676
041 _aeng
050 _a306.2
110 _aCommittee of Inquiry on the Management of Privately Owned Blocks of Flats
_92541
245 _aReport of the Committee of Inquiry on the management of privately owned blocks of flats. - Volume I
260 _aLondon
_bDepartment of the Environment
_c1985
300 _aca.100p. ; 30cm.
350 _a3.75
520 _aCover title. Includes text of RICS Report of The Working party on the management of blocks of flats (The James Committee)
650 _aBLOCKS OF FLATS
650 _aJAMES COMMITTEE
650 _aJAMES REPORT
650 _aLEASES
650 _aNUGEE REPORT
650 _aSERVICE CHARGES
650 _aSINKING FUNDS
690 _aBlock management
_96220
700 _aNugee, E.G.
_xChairman
942 _n0
948 _c04/03/1997
999 _c95223
_d95223